| 000 | 00674nam a2200217 a 4500 | ||
|---|---|---|---|
| 005 | 20230525063737.0 | ||
| 008 | 160215s2001 es r 000 0 spa d | ||
| 020 | _a8171337118 | ||
| 035 | _aUPN01000208194 | ||
| 049 | _aCG | ||
| 050 | 4 |
_aQA276.6 _bC4.5 |
|
| 100 | 1 |
_aClairin, Rémy, _d1923-1987 _938612 |
|
| 245 | 1 | 0 |
_aManual de muestreo / _bRémy Clairin, Philippe Brion ; tr. Mónica Bécue Bertaut. |
| 260 |
_aMadrid : _bLa Muralla : _bHespérides, _c2001. |
||
| 300 |
_a111 p. : _btablas, il. |
||
| 440 | 0 |
_aCuadernos de estadístíca ; _v16 |
|
| 650 | 2 |
_aMuestreo (Estadística) _923376 |
|
| 700 | 1 |
_aBrion, Philippe, _ecoaut. |
|
| 905 | _aLibro | ||
| 999 |
_c180295 _d180295 |
||